000
00324nam a2200121Ia 4500
008
220204s9999 xx 000 0 und d
082
_a
635.82
_b
PAT
100
_a
Pathak, V N
245
0
_a
Mushroom production and processing technology
260
_a
Bikaner
_b
Agro Botanica
_c
1998
650
_a
Mushroom spawning
942
_c
BK
999
_c
41441
_d
41441